LEADER 00979nam a2200229 u 4500 001 000000077414 003 CaOOAMICUS 005 20070226123322.0 008 040203s1832 it af u000 u ita u 035 $a10983188 040 $aPUL(R)$bita 100 1 $aPaci, Giacomo Maria,$dn. 1798.$0(OLS)http://pul/name/47258 245 10$aSulla pretesa reazione dell'inerzia /$cmemoria del prof. Giacomo Ma Paci .. 250 $a2. ed. corretta, e notabilmente aumentata. 260 $aNapoli :$bdalla tip. del Tasso,$c1832. 300 $a68 p., [1] c. di tav. ripieg. :$bill. ;$c21 cm 650 4$aMeccanica.$0(OLS)http://pul/subject/26923 850 $aPUL 852 $aPUL$W1$xDP1 Antico 800$y27$m859 B 31$j99449$nBK-PRI$b $qStampati Antico$B99449$CPULBib$Z2$F99449 $H $81 941 1 $a15 996 $6245$aSulla pretesa reazione dell'inerzia$9(OLS)http://pul/title/101506 996 $6260$aNapoli :$bdalla tip. del Tasso$9(OLS)http://pul/publisher/75105 LEADER 01467nam a2200361 a 4500 001 000000168908 003 CaOOAMICUS 005 20180719125556.0 008 180719s1983 it u000 u ita r 020 $a88-17-16743-6* 032 $aLibriCat 040 $aPUL$bita 041 0 $aita$alat$hlat 100 1 $aHoratius Flaccus, Quintus,$d65-8 a.C.$0(OLS)http://pul/name/8724 240 10$aEpistulae.$lItaliano.$0(OLS)http://pul/title/209442 245 13$aLe lettere /$cQuinto Orazio Flacco ; introduzione, traduzione e note di Enzo Mandruzzato. 260 $aMilano :$bRizzoli,$c1983. 300 $a216 p. ; $c18 cm. 490 1 $aBUR. Poesia ;$v434 490 1 $aBiblioteca Universale Rizzoli ;$v434 500 $aSul front.: testo latino a fronte. 700 1 $aMandruzzato, Enzo,$d1934-$0(OLS)http://pul/name/721 830 0$aBUR.$pPoesia ;$v434.$0(OLS)http://pul/title/171210 830 0$aBiblioteca Universale Rizzoli ;$v434.$0(OLS)http://pul/title/154622 850 $aPUL 852 $aPUL$W1$xDP1 Fondo Dalla Palma$y117$m9 A 54$j44587$qFondi$B196861$CPULBib$Z2$F196861 $HDal778 $81 900 $aOrazio,$d65-8 a.C.$98724 900 $aFlaccus, Quintus Horatius,$d65-8 a.C.$98724 941 1 $a1 996 $6020$a88-17-16743-6*$9(OLS)http://pul/number/164599 996 $6245$aLe lettere$9(OLS)http://pul/title/10691 996 $6260$aMilano :$bRizzoli$9(OLS)http://pul/publisher/48712